| 000 | 00493nam a2200193Ia 4500 | ||
|---|---|---|---|
| 008 | 210210b2009 xxu||||| |||| 00| 0 eng d | ||
| 020 | _a8130910810 | ||
| 041 | _aeng | ||
| 082 | _a510.2465 BPPB | ||
| 100 | _aBPP LEARNING MEDIA | ||
| 245 | _aBusiness essentials: business maths | ||
| 260 |
_aNew Delhi _bViva Books Private Limited _c2009 |
||
| 300 | _aviii,316 | ||
| 650 | _amaths | ||
| 650 | _aessentials: | ||
| 650 | _aBusiness | ||
| 690 | _aBusiness Mathematics | ||
| 906 | _a064471 | ||
| 999 |
_c141438 _d141438 |
||